Statistiques concernant Taylor Swift - Fearless (All Lyrics)

Cliquez ici pour prendre le quiz!

Statistiques générales

  • Ce quiz a été pris 10 fois
  • Le résultat moyen est 245 sur 315

Statistiques - réponses

Réponse% Correct
Fearless
100%
First,
100%
First
100%
I
100%
It,
100%
It
100%
A
88%
And
88%
Better
88%
Dance
88%
Don’t
88%
Drag
88%
Dress
88%
Dress,
88%
Get
88%
Hand
88%
Head
88%
How
88%
In
88%
It’s
88%
Know
88%
Me
88%
My
88%
Of
88%
So
88%
Storm
88%
Take
88%
Than
88%
The
88%
This
88%
When
88%
With
88%
You,
88%
You
88%
Best
75%
‘Bout
75%
But
75%
Capture
75%
‘Cause
75%
Cool
75%
Eyes
75%
Gets
75%
Here
75%
Just
75%
Looks
75%
Lot,
75%
Makin’
75%
On
75%
Parking
75%
Pavement
75%
Rained
75%
Right
75%
Somethin’
75%
Street
75%
There
75%
There’s
75%
Want
75%
Way
75%
Your
75%
Ask
63%
Car
63%
Flawless,
63%
Glow
63%
Hair
63%
Hands
63%
I’d
63%
Kiss,
63%
Little
63%
Middle
63%
Moment
63%
More
63%
Now
63%
Now,
63%
Put
63%
Remember
63%
Seat,
63%
Stay
63%
To
63%
Usually
63%
Wanna
63%
We
63%
We’re
63%
Why
63%
Yeah
63%
You’re
63%
Baby
50%
Brave
50%
Caught
50%
Down
50%
Drive
50%
If
50%
I’m
50%
Not
50%
Off
50%
Oh,
50%
Oh
50%
Out
50%
Passenger’s
50%
Pull
50%
Run
50%
Shake,
50%
Slow
50%
Stood
50%
Through
50%
‘Til
50%
Town,
50%
Up
50%
Walk
50%
Absentmindedly
38%
Drivin’
38%
Hard
38%
Really
38%
Road
38%
Tryin’
38%
Well,
38%
Wonder
38%
Doorway
25%
Headfirst,
25%
One-horse
25%
Oh-oh,
13%

Distribution des résultats

Percentile par nombre de réponses

% des personnes avec chaque résultat

Votre développement - résultats

Vous n’avez pas pris ce quiz